| 000 | 00459nam a22001577a 4500 | ||
|---|---|---|---|
| 003 | OSt | ||
| 005 | 20251217074312.0 | ||
| 008 | 251217b |||||||| |||| 00| 0 eng d | ||
| 020 | _a91-23-3331-0 | ||
| 040 |
_aDWCL Main Lib. _cOC |
||
| 082 |
_22002 ed. _aFIl. 368.599 D377i 2002 |
||
| 245 |
_aThe insurance code of the Philippines : _bannotated/ |
||
| 260 |
_aRex book store , Inc., _cc2002. |
||
| 300 |
_aiii, 854 p. ; _c23 cm. |
||
| 942 |
_2ddc _cBK - FIL _kFil. _n0 |
||
| 999 |
_c7187 _d7187 |
||